ধর্মের নন্দনিকতাও অন্যান্য প্রসঙ্গ / (Record no. 112140)
[ view plain ]
| 000 -LEADER | |
|---|---|
| fixed length control field | 00845nam a22001937a 4500 |
| 003 - CONTROL NUMBER IDENTIFIER | |
| control field | BD-ChCU |
| 005 - DATE AND TIME OF LATEST TRANSACTION | |
| control field | 20260408114156.0 |
| 008 - FIXED-LENGTH DATA ELEMENTS--GENERAL INFORMATION | |
| fixed length control field | 260408b bg ||||| |||| 00| 0 ben d |
| 020 ## - INTERNATIONAL STANDARD BOOK NUMBER | |
| International Standard Book Number | 9789842004087 |
| 040 ## - CATALOGING SOURCE | |
| Transcribing agency | BD-ChCU |
| 082 ## - DEWEY DECIMAL CLASSIFICATION NUMBER | |
| Edition number | 22 |
| Classification number | ২০০.৮ হারু ৭৬ধ |
| 100 ## - MAIN ENTRY--PERSONAL NAME | |
| Personal name | হারুন-উর -রশিদ , মোহাম্মদ |
| 9 (RLIN) | 21346 |
| 245 ## - TITLE STATEMENT | |
| Title | ধর্মের নন্দনিকতাও অন্যান্য প্রসঙ্গ / |
| Statement of responsibility, etc. | মোহাম্মদ হারুন-উর-রশিদ |
| 260 ## - PUBLICATION, DISTRIBUTION, ETC. | |
| Place of publication, distribution, etc. | ঢাকা : |
| Name of publisher, distributor, etc. | অ্যাডর্ন পাব, |
| Date of publication, distribution, etc. | ২০০৮ |
| 300 ## - PHYSICAL DESCRIPTION | |
| Extent | ১৭৫ পৃ |
| Dimensions | ২২সেমি. |
| 500 ## - GENERAL NOTE | |
| General note | সূচিপত্র :১৬৯ -১৭৫ |
| 650 #0 - SUBJECT ADDED ENTRY--TOPICAL TERM | |
| Topical term or geographic name entry element | ধর্ম -প্রবন্ধাবলী |
| 9 (RLIN) | 21401 |
| 942 ## - ADDED ENTRY ELEMENTS (KOHA) | |
| Source of classification or shelving scheme | Dewey Decimal Classification |
| Koha item type | Books |
| Suppress in OPAC | No |
| Withdrawn status | Lost status | Source of classification or shelving scheme | Damaged status | Not for loan | Home library | Current library | Shelving location | Date acquired | Source of acquisition | Total Checkouts | Full call number | Barcode | Date last seen | Price effective from | Koha item type |
|---|---|---|---|---|---|---|---|---|---|---|---|---|---|---|---|
| Dewey Decimal Classification | Chittagong University Library | Chittagong University Library | Arts and Humanities Reading Room | 04/08/2026 | ক্রয়কৃত | ২০০.৮ হারু ৭৬ ধ | 334659 | 04/08/2026 | 04/08/2026 | Books |